• 首页
  • 本馆介绍
  • 公告通知
  • 最新文献
  • 馆藏检索
  • 电子资源
  • 读者导购
  • 参考咨询
  • 我的图书馆
  • 登录
  • 详细信息显示
  • 放入我的书架
  • 预约/预借图书
  • 作者相关作品
  • 分类相关作品
  • 丛书相关作品
  • 出版社相关作品

书目信息

  • 表格格式
  • 工作单格式
  • 卡片格式
题名:
电工技术问答详解
    
 
作者: 余寒 , 潘品英 主编
分册: 下册   输配电技术
出版信息: 北京   化学工业出版社  2013.08
页数: 433页
开本: 21cm
丛书名:
单 册:
中图分类: TM-44 , TM726-44 , TM-44
科图分类:
主题词: 电工技术--问答 , 输配电线路--问答 , 电机 , 输配电线路
电子资源:
ISBN: 978-7-122-16802-3
000 01052nam0 2200313 450
001 012013071223
005 20170327101807.56
010    @a978-7-122-16802-3@dCNY48.00
100    @a20130814d2013 em y0chiy0110 ea
101 0  @achi
102    @aCN@b110000
105    @aak z 000yy
106    @ar
200 1  @a电工技术问答详解@9dian gong ji shu wen da xiang jie@h下册@i输配电技术@f余寒,潘品英主编
210    @a北京@c化学工业出版社@d2013.08
215    @a433页@c图@d21cm
330    @a本书内容包括:变压器、输配电及其设备、电线与电缆、高压电器、低压电器、互感器和继电器、接地接零与安全用电、电气防雷等。
333    @a本书可作为各行业初、中级电工自学提高的参考资料,也可作为大中专院校电工专业教学或培训学习的参考书
606 0  @a电工技术@x问答
606 0  @a输配电线路@x问答
606 0  @a电机
606 0  @a输配电线路
690    @aTM-44@v5
690    @aTM726-44@v5
690    @aTM-44@v4
701  0 @a余寒@9yu han@4主编
701  0 @a潘品英@9pan pin ying@4主编
801  0 @aCN@b人天书店@c20130814
905    @b982849-52@dTM-44@e93:2@f4
    
    电工技术问答详解.下册.输配电技术/余寒,潘品英主编.-北京:化学工业出版社,2013.08
    433页:图;21cm
    使用对象:本书可作为各行业初、中级电工自学提高的参考资料,也可作为大中专院校电工专业教学或培训学习的参考书
    
    ISBN 978-7-122-16802-3:CNY48.00
    本书内容包括:变压器、输配电及其设备、电线与电缆、高压电器、低压电器、互感器和继电器、接地接零与安全用电、电气防雷等。
●
相关链接 在E读中查询图书 在五车中查询图书 在当当中查询图书 在豆瓣中查询图书


正题名:电工技术问答详解     索取号:TM-44/93:2         预约/预借

序号 登录号 条形码 馆藏地/架位号 状态 备注
1 982849   209828490   第二样本阅览室/ [索取号:TM-44/93:2] 在馆    
2 982850   209828506   密集书库-物理学院/ [索取号:TM-44/93:2] 在馆    
3 982851   209828515   第三借阅区/ [索取号:TM-44/93:2] 在馆    
4 982852   209828524   第三借阅区/ [索取号:TM-44/93:2] 在馆    
唐山师范学院图书馆 欢迎您!
大连网信软件有限公司© 版权所有